| 000 | 00532nam a22001817a 4500 | ||
|---|---|---|---|
| 005 | 20260224101306.0 | ||
| 008 | 260224b |||||||| |||| 00| 0 eng d | ||
| 020 | _a978-3-3198-7532-3 | ||
| 100 | _aAMMERAAL, LEEN | ||
| 245 | _aCOMPUTER GRAPHICS FOR JAVA PROGRAMMERS | ||
| 250 | _a3RD EDITION | ||
| 260 |
_aRICHARDSON, TX _bSPRINGER INTERNATIONAL PUBLISHING _c2017 |
||
| 300 | _aX, 387P. | ||
| 500 | _aINCLUDES BIBLIOGRAPHICAL REFERENCES AND INDEX | ||
| 650 | _aCOMPUTER GRAPHICS | ||
| 700 | _aZHANG, KANG | ||
| 942 |
_2lcc _cBK |
||
| 999 |
_c216600 _d216600 |
||